[Event "Tres Cantos op 11th"]
[Site "Tres Cantos"]
[Date "2019.06.29"]
[Round "8"]
[White "Paarup, Torsten"]
[Black "Largo Barbero, Benito"]
[Result "1-0"]
[WhiteElo "1971"]
[BlackElo "1888"]
[PlyCount "89"]
[EventDate "2019.06.22"]
[EventType "swiss"]
[EventRounds "9"]
[EventCountry "ESP"]
[SourceTitle "CBM 195 Extra"]
[Source "ChessBase"]
[SourceDate "2020.05.31"]
[SourceVersion "1"]
[SourceVersionDate "2020.05.31"]
[SourceQuality "1"]

1. b3 d6 2. Bb2 c5 3. e4 Nc6 4. Bb5 Bd7 5. f4 a6 6. Bxc6 Bxc6 7. d3 e6 8. Nf3 Nf6 9. 0-0 Qc7 10. Nbd2 0-0-0 11. Qe2 Nd7 12. e5 d5 13. c4 Nb6 14. Bc3 dxc4 15. dxc4 Nd7 16. Rad1 Be7 17. Ne4 Nb8 18. Nd6+ Bxd6 19. exd6 Qb6 20. Ne5 Be8 21. Qd2 Qa7 22. Qe3 f6 23. Nf3 b6 24. Qxe6+ Qd7 25. Qe3 Bf7 26. Rd2 Rhe8 27. Qf2 Re6 28. Rfd1 Qc6 29. Qg3 g6 30. f5 gxf5 31. Qg7 Qe8 32. Bxf6 Rd7 33. Qg5 Bg6 34. Bb2 Nc6 35. Qg3 Bh5 36. h3 Re3 37. Rf2 Qe4 38. Rdf1 Nb4 39. Qg8+ Kb7 40. Ne5 Re1 41. Nxd7 Rxf1+ 42. Rxf1 Kc6 43. Nf6 Qe3+ 44. Kh2 Be2 45. Qc8+ 1-0

[Event "San Sebastian de los Reyes op 20th"]
[Site "San Sebastian"]
[Date "2018.12.06"]
[Round "6"]
[White "Paarup, Torsten"]
[Black "Alfaya Marcelo, Roberto"]
[Result "1/2-1/2"]
[WhiteElo "1989"]
[BlackElo "2166"]
[PlyCount "66"]
[EventDate "2018.12.01"]
[EventType "swiss"]
[EventRounds "9"]
[EventCountry "ESP"]
[SourceTitle "CBM 187 Extra"]
[Source "ChessBase"]
[SourceDate "2018.11.04"]
[SourceVersion "1"]
[SourceVersionDate "2018.11.04"]
[SourceQuality "1"]

1. d4 Nf6 2. c4 c5 3. d5 b5 4. Qc2 bxc4 5. e4 e6 6. Bxc4 exd5 7. exd5 d6 8. Nc3 Be7 9. Nge2 0-0 10. Ng3 Re8 11. 0-0 Nbd7 12. h3 Nb6 13. Bb5 Bd7 14. Bxd7 Qxd7 15. Qd3 Qb7 16. Nf5 Nbxd5 17. Qg3 Bf8 18. Nxd6 Nxc3 19. bxc3 Bxd6 20. Qxd6 Ne4 21. Qd3 Rad8 22. Qc4 Qd5 23. Qxd5 Rxd5 24. c4 Rd4 25. Be3 Rxc4 26. Rfc1 Ra4 27. Bxc5 Nxc5 28. Rxc5 g6 29. Rc2 Re6 30. Rd1 Rea6 31. Rdd2 Kg7 32. g3 h5 33. h4 Ra3 1/2-1/2

[Event "Madrid-ch sf"]
[Site "Madrid"]
[Date "2018.05.12"]
[Round "8"]
[White "Paarup, Torsten"]
[Black "Spitzer Isbert, Ramon"]
[Result "1-0"]
[WhiteElo "2007"]
[BlackElo "2019"]
[PlyCount "93"]
[EventDate "2018.05.05"]
[EventType "swiss"]
[EventRounds "9"]
[EventCountry "ESP"]
[SourceTitle "CBM 184 Extra"]
[Source "ChessBase"]
[SourceDate "2018.06.28"]
[SourceVersion "1"]
[SourceVersionDate "2018.06.28"]
[SourceQuality "1"]

1. e4 Nf6 2. e5 Nd5 3. d4 d6 4. Bc4 Nb6 5. Bb3 Qd7 6. Nf3 d5 7. 0-0 Nc6 8. c3 Nd8 9. Qe2 g6 10. Be3 Bg7 11. Nbd2 0-0 12. Ne1 Qg4 13. f3 Qh5 14. Qf2 Bh6 15. Nd3 Bxe3 16. Qxe3 c6 17. Nf4 Qf5 18. g4 Qd7 19. Rae1 a5 20. Re2 Ne6 21. Nd3 a4 22. Bc2 Nc4 23. Nxc4 dxc4 24. Nf2 Nc7 25. a3 Kh8 26. Ne4 b6 27. h4 Ra5 28. Qh6 Rg8 29. Ng5 Rg7 30. Nxh7 Kg8 31. Ng5 Ne6 32. Rd1 Rd5 33. Nxe6 Qxe6 34. Qe3 Rh7 35. h5 c5 36. hxg6 fxg6 37. Qg5 cxd4 38. cxd4 Qd7 39. Qxg6+ Rg7 40. Qe4 Bb7 41. Qe3 Rb5 42. Bxa4 Rxg4+ 43. Kf2 Rg2+ 44. Kxg2 Qg4+ 45. Kf2 Qh4+ 46. Kg1 Ra5 47. Rh2 1-0

[Event "Madrid-ch sf"]
[Site "Madrid"]
[Date "2018.05.06"]
[Round "2"]
[White "Perez Gonzalez, Jose Manuel"]
[Black "Paarup, Torsten"]
[Result "1/2-1/2"]
[WhiteElo "2252"]
[BlackElo "2007"]
[PlyCount "100"]
[EventDate "2018.05.05"]
[EventType "swiss"]
[EventRounds "9"]
[EventCountry "ESP"]
[SourceTitle "CBM 184 Extra"]
[Source "ChessBase"]
[SourceDate "2018.06.28"]
[SourceVersion "1"]
[SourceVersionDate "2018.06.28"]
[SourceQuality "1"]

1. e4 c5 2. Nf3 d6 3. d4 cxd4 4. Nxd4 Nf6 5. Nc3 g6 6. Bc4 Bg7 7. h3 0-0 8. Bb3 Nc6 9. Be3 Na5 10. 0-0 Bd7 11. Re1 Rc8 12. Qd3 a6 13. Bg5 b5 14. Nd5 e6 15. Nxf6+ Bxf6 16. Bxf6 Qxf6 17. c3 Rfd8 18. Rad1 Nc4 19. Bxc4 Rxc4 20. Re2 Bc8 21. Nc2 Rc5 22. Red2 Bb7 23. Ne3 h5 24. f3 Qf4 25. Nf1 f5 26. exf5 gxf5 27. Qe3 Qxe3+ 28. Nxe3 d5 29. f4 Kf7 30. Re1 a5 31. a3 b4 32. axb4 axb4 33. cxb4 Rb5 34. Rd4 Rc8 35. Ra1 Ra8 36. Rxa8 Bxa8 37. Nd1 Bc6 38. Nc3 Rb7 39. Kf2 Kf6 40. g3 e5 41. fxe5+ Kxe5 42. Ne2 Bb5 43. Rh4 Bxe2 44. Kxe2 d4 45. Rxh5 Rxb4 46. g4 Rxb2+ 47. Kd3 Rb3+ 48. Kc2 Rf3 49. Rxf5+ Rxf5 50. gxf5 Kxf5 1/2-1/2

[Event "Madrid-ch sf"]
[Site "Madrid"]
[Date "2018.05.05"]
[Round "1"]
[White "Paarup, Torsten"]
[Black "De Luna Butz, Alberto"]
[Result "1-0"]
[WhiteElo "2007"]
[BlackElo "1815"]
[PlyCount "83"]
[EventDate "2018.05.05"]
[EventType "swiss"]
[EventRounds "9"]
[EventCountry "ESP"]
[SourceTitle "CBM 184 Extra"]
[Source "ChessBase"]
[SourceDate "2018.06.28"]
[SourceVersion "1"]
[SourceVersionDate "2018.06.28"]
[SourceQuality "1"]

1. e4 e6 2. Nf3 d5 3. e5 c5 4. b4 cxb4 5. d4 Nc6 6. a3 bxa3 7. c3 f6 8. Bd3 f5 9. 0-0 Be7 10. Bxa3 Nh6 11. Bxe7 Qxe7 12. Na3 0-0 13. Qc2 Bd7 14. Rfb1 Rfb8 15. Nb5 Be8 16. Nd6 Nf7 17. Nxf7 Bxf7 18. Rb2 Qc7 19. g4 g6 20. gxf5 gxf5 21. Kh1 Kh8 22. Rg1 Rg8 23. Rbb1 b6 24. Qd2 Rxg1+ 25. Rxg1 Bg6 26. Ng5 Qe7 27. Qf4 Rg8 28. Nh3 Bh5 29. Rxg8+ Kxg8 30. f3 Qg7 31. Be2 h6 32. Qh4 Be8 33. Bb5 Kf8 34. Bxc6 Bxc6 35. Qd8+ Be8 36. Nf4 Qf7 37. Qd6+ Qe7 38. Nxe6+ Kf7 39. Nd8+ Kf8 40. Qxh6+ Kg8 41. Ne6 Bh5 42. Ng5 1-0

[Event "Tres Cantos op 9th"]
[Site "Tres Cantos"]
[Date "2017.06.27"]
[Round "6"]
[White "Del Noval Nemeshazi, Nesztor"]
[Black "Paarup, Torsten"]
[Result "1/2-1/2"]
[WhiteElo "1902"]
[BlackElo "2033"]
[PlyCount "69"]
[EventDate "2017.06.22"]
[EventType "swiss"]
[EventRounds "9"]
[EventCountry "ESP"]
[SourceTitle "EXT 2019"]
[Source "ChessBase"]
[SourceDate "2018.10.10"]
[SourceVersion "1"]
[SourceVersionDate "2018.10.10"]
[SourceQuality "1"]

1. e4 c5 2. Nc3 Nc6 3. g3 g6 4. Bg2 Bg7 5. d3 d6 6. Be3 Nf6 7. Qd2 Ng4 8. Bf4 e5 9. Bg5 f6 10. Be3 0-0 11. Nd5 Nxe3 12. Qxe3 Be6 13. Ne2 Bxd5 14. exd5 Nd4 15. 0-0-0 b5 16. h4 b4 17. h5 f5 18. Nxd4 cxd4 19. Qd2 Rb8 20. hxg6 hxg6 21. g4 Qf6 22. gxf5 gxf5 23. Qe2 Kf7 24. Rh7 Qg5+ 25. f4 Qxf4+ 26. Kb1 Qg5 27. Rh5 Qe7 28. Rxf5+ Ke8 29. Rdf1 Rxf5 30. Rxf5 Qh4 31. Qf1 Rb7 32. Bf3 Rf7 33. Rxf7 Kxf7 34. Bh5+ Kg8 35. Qf7+ 1/2-1/2

[Event "Madrid-ch Seniors 50"]
[Site "Madrid"]
[Date "2017.01.13"]
[Round "5"]
[White "Paarup, Torsten"]
[Black "Lopez Heras, Arturo"]
[Result "1-0"]
[WhiteElo "1979"]
[BlackElo "1837"]
[PlyCount "61"]
[EventDate "2017.01.09"]
[EventType "swiss"]
[EventRounds "9"]
[EventCountry "ESP"]
[SourceTitle "CBM 176 Extra"]
[Source "ChessBase"]
[SourceDate "2017.03.02"]
[SourceVersion "1"]
[SourceVersionDate "2017.03.02"]
[SourceQuality "1"]

1. e4 c5 2. Nc3 e6 3. f4 Nc6 4. Nf3 d5 5. Bb5 dxe4 6. Nxe4 Nf6 7. Qe2 Be7 8. Ne5 Qc7 9. 0-0 0-0 10. Bxc6 bxc6 11. d3 Rb8 12. b3 a5 13. a4 Ba6 14. Nxf6+ Bxf6 15. Bb2 Rfd8 16. Rad1 Rd5 17. Bc3 Ra8 18. Qe1 Bb7 19. Nc4 Bxc3 20. Qxc3 Rf5 21. Qd2 h5 22. Rde1 Bc8 23. Re4 Ba6 24. Ne3 Rf6 25. Qc3 c4 26. Nxc4 Bxc4 27. Rxc4 Rc8 28. Qe5 Rf5 29. Qxc7 Rxc7 30. Re1 c5 31. Re5 1-0

[Event "Madrid Oliver Gonzalez Memorial 4th"]
[Site "Madrid"]
[Date "2015.10.10"]
[Round "1"]
[White "Medarde Santiago, Luis Marcos"]
[Black "Paarup, Torsten"]
[Result "1/2-1/2"]
[WhiteElo "2324"]
[BlackElo "1996"]
[PlyCount "103"]
[EventDate "2015.10.10"]
[EventType "swiss"]
[EventRounds "9"]
[EventCountry "ESP"]
[SourceTitle "CBM 168 Extra"]
[Source "ChessBase"]
[SourceDate "2015.10.29"]
[SourceVersion "1"]
[SourceVersionDate "2015.10.29"]
[SourceQuality "1"]

1. e4 c6 2. Nc3 d5 3. Nf3 Bg4 4. h3 Bxf3 5. Qxf3 dxe4 6. Nxe4 Nd7 7. Ng5 Ngf6 8. Qb3 e6 9. Qxb7 Be7 10. c3 0-0 11. Qxc6 Ne5 12. Qb5 Nd5 13. Qe2 Ng6 14. Nf3 e5 15. g3 e4 16. Nh2 Bc5 17. Qb5 Qd6 18. Bg2 Rab8 19. Qc4 Rfc8 20. d4 exd3 21. Qxd5 Re8+ 22. Kf1 Qe7 23. Qe4 Qxe4 24. Bxe4 Rxe4 25. Ng4 d2 26. Bxd2 Rxb2 27. Be3 Bxe3 28. Nxe3 Ne5 29. Rd1 g6 30. a4 Ra2 31. Rd4 Rxd4 32. cxd4 Nd3 33. Nd1 Rxa4 34. Ke2 Rxd4 35. Nc3 Nc5 36. Rb1 Rc4 37. Kd2 Ne4+ 38. Nxe4 Rxe4 39. Rb7 Ra4 40. Ke3 Kg7 41. h4 h5 42. f3 a5 43. Rb6 Ra1 44. Ra6 a4 45. Kf4 a3 46. g4 hxg4 47. Kxg4 a2 48. Kf4 Kh6 49. Ra8 Kg7 50. Ra6 Kh7 51. Ra8 Kg7 52. Ra6 1/2-1/2

[Event "Galapagar op 10th"]
[Site "Galapagar"]
[Date "2009.07.19"]
[Round "2"]
[White "Roa Alonso, Santiago"]
[Black "Paarup, Torsten"]
[Result "1/2-1/2"]
[WhiteElo "2445"]
[BlackElo "2029"]
[PlyCount "84"]
[EventDate "2009.07.18"]
[EventType "swiss"]
[EventRounds "9"]
[EventCountry "ESP"]
[SourceTitle "EXT 2010"]
[Source "ChessBase"]
[SourceDate "2010.11.25"]
[SourceVersion "1"]
[SourceVersionDate "2010.11.25"]
[SourceQuality "1"]

1. e4 c6 2. d4 d5 3. Nd2 dxe4 4. Nxe4 Bf5 5. Ng3 Bg6 6. h4 h6 7. Nf3 Nd7 8. h5 Bh7 9. Bd3 Bxd3 10. Qxd3 e6 11. Bf4 Qa5+ 12. Bd2 Bb4 13. Ne4 Bxd2+ 14. Nfxd2 Qc7 15. Qa3 Ne7 16. 0-0-0 Nf6 17. Nxf6+ gxf6 18. Kb1 Nd5 19. Ne4 Qe7 20. Qxe7+ Kxe7 21. c4 Nc7 22. g4 b5 23. b3 a5 24. f4 Rhg8 25. Rhg1 a4 26. Nc3 axb3 27. axb3 bxc4 28. bxc4 Rgb8+ 29. Kc2 Rb4 30. Kd3 Rd8 31. Rb1 Na6 32. Rxb4 Nxb4+ 33. Ke4 f5+ 34. gxf5 exf5+ 35. Kxf5 Rxd4 36. Re1+ Kf8 37. Re4 Rd3 38. Na4 Nc2 39. Nc5 Ne3+ 40. Ke5 Ng4+ 41. Kf5 Ne3+ 42. Ke5 Ng4+ 1/2-1/2

[Event "Madrid Villaverde op 11th"]
[Site "Madrid"]
[Date "2009.07.01"]
[Round "3"]
[White "Martinez Miura, Enrique"]
[Black "Paarup, Torsten"]
[Result "0-1"]
[WhiteElo "1735"]
[BlackElo "2063"]
[PlyCount "68"]
[EventDate "2009.06.29"]
[EventType "swiss"]
[EventRounds "9"]
[EventCountry "ESP"]
[SourceTitle "EXT 2010"]
[Source "ChessBase"]
[SourceDate "2010.11.25"]
[SourceVersion "1"]
[SourceVersionDate "2010.11.25"]
[SourceQuality "1"]

1. e4 c5 2. c4 Nc6 3. Nc3 g6 4. g3 Bg7 5. Bg2 d6 6. Nge2 e6 7. 0-0 Nge7 8. d3 0-0 9. Be3 Nd4 10. Bxd4 cxd4 11. Nb5 Nc6 12. Na3 Rb8 13. Rb1 a6 14. b4 b5 15. Qc2 Bd7 16. cxb5 axb5 17. f4 Qb6 18. Qb3 Rfc8 19. Bh3 Ne7 20. g4 Rc7 21. Rbc1 Rbc8 22. Rxc7 Rxc7 23. f5 exf5 24. gxf5 gxf5 25. Bxf5 Nxf5 26. exf5 Bh6 27. Rf3 Be3+ 28. Kf1 Kf8 29. Qb2 Qc6 30. Rxe3 Qh1+ 31. Ng1 dxe3 32. Qf6 Rc1+ 33. Ke2 Qg2+ 34. Kxe3 Qxg1+ 0-1